Les 20 jeux les plus vendus de la Nintendo DS - Statistiques

Statistiques générales
  • Ce quiz a été pris 118 fois
  • Le résultat moyen est 4 sur 20
Statistiques - réponses
Date Jeux % Correct
2005 Mario Kart DS
78%
2006 New Super Mario Bros
64%
2006 Pokémon Diamant
63%
2006 Pokémon Perle
57%
2007 Mario Party DS
33%
2004 Super Mario 64 DS
24%
2005 Animal Crossing : Wild World
20%
2010 Pokémon Version Blanche
13%
2010 Pokémon version Noire
12%
2007 The Legend of Zelda : Phantom Hourglass
10%
2012 Pokémon Version Blanche 2
9%
2012 Pokémon Version Noire 2
9%
2009 Pokémon Version Argent SoulSilver
6%
2009 Mario et Luigi voyage au centre de Bowser
4%
2009 Pokémon Version or heartgold
4%
2007 Professeur Layton et la boîte de Pandore
3%
2006 Pokémon Donjon Mystère - Équipe de secours Bleu
2%
2009 Dragon Quest IX : Les sentinelles du firmament
1%
2005 Nintendogs labrador & ses amis
0%
2008 Une pause avec ... Entraînement cérébral du Dr Kawashima littéraire
0%
Aucun quiz correspondant
Distribution des résultats
% des personnes avec chaque résultat
Percentile par nombre de réponses
Votre historique - résultats
Vous n’avez pas pris ce quiz